| 000 | 00426nam a2200157Ia 4500 | ||
|---|---|---|---|
| 008 | 230312s9999||||xx |||||||||||||| ||und|| | ||
| 020 | _a81-7758-262-3 | ||
| 082 |
_a621.3822 _bOPP-S |
||
| 100 | _aOppenhiem Alan, V. | ||
| 245 | 0 | _aSignals & Systems | |
| 260 |
_bPearson Education _aNew Delhi _c1997 |
||
| 300 | _a977 | ||
| 546 | _aEng. | ||
| 650 |
_aEngineering _vIntroduction , Basic system properties , Summary |
||
| 942 | _cBK | ||
| 999 |
_c1405 _d1405 |
||